000 00855nam a2200217 4500
001 127536
003 ES-MaACL
005 20230906193031.0
007 t|
008 070214s1945 sp r ||||1| spa d
100 1 _aRietschel, Hermann.
_997170
245 1 0 _aTratado de calefacción y ventilación /
_cHermann Rietschel ; 11ª ed. ampliada por el Prof. Dr. Ing. H. Gröber ; con un capítulo sobre condiciones climático-metorologícas y otro sobre condiciones higiénicas por el Dr. F. Brandtke ; traducción del aleman por José Mª Soler Carreras.
250 _a11ª. ed.
260 _aBarcelona :
_bLabor,
_c1945.
300 _aXV, 336 p. :
_bil. ;
_c28 cm.
700 1 _aGröber, H.
_9208142
700 1 _aBrandtke, F.
_931357
700 1 _aSoler Carreras, José Mª.
_9107170
852 _aES-MaACL
_jB-10694
_bR.21971
999 _c127536
_d127536